Ḥaim Levaḳov

Saved in:
Bibliographic Details
Corporate Author: Israel. Tseva haganah le-Yiśraʾel. Gale Tsahal.
Other Authors: Gilʻadi, ʻEran., Patir, Dan., Levaḳov, Ḥaim.
Format: Audio
Language:Hebrew
Published: Tel Aviv: Gale Tsahal, 2002.
Series:Gale Tsahal ; 60-15552, 60-15553.
ʻAśu historyah ; 50-51.
Subjects:
Tags: Add Tag
No Tags, Be the first to tag this record!
LEADER 01039nim a22002897u 4500
001 009019933-2
005 20030116122605.0
008 831117r20021990is |||| |||||| ||| heb|d
035 0 |a ocm57323998 
245 0 0 |a Ḥaim Levaḳov  |h sound recording  |c orekh: ʻEran Gilʻadi; magish: Dan Patir ; mishtatef : Ḥaim Levaḳov. 
260 0 |a Tel Aviv:  |b Gale Tsahal,  |c 2002. 
300 |a 2 sound discs :  |b digital, stereo. ;  |c 4 3/4 in. 
490 1 |a Gale Tsahal ;  |v 60-15552, 60-15553 
490 1 |a ʻAśu historyah ;  |v 50-51 
500 |a Recording of radio program broadcast on 05 May 1990, 12 May 1990. 
600 1 0 |a Levaḳov, Ḥaim. 
650 0 |a Politicians  |z Israel  |x Biography. 
651 0 |a Israel  |x History  |y 20th century. 
655 7 |a Compact discs.  |2 lcsh 
700 1 0 |a Gilʻadi, ʻEran. 
700 1 0 |a Patir, Dan. 
700 1 0 |a Levaḳov, Ḥaim. 
710 1 |a Israel.  |b Tseva haganah le-Yiśraʾel.  |b Gale Tsahal. 
830 0 |a Gale Tsahal ;  |v 60-15552, 60-15553. 
830 0 |a ʻAśu historyah ;  |v 50-51. 
988 |a 20030115 
906 |0 MH